00364nam a2200145Ia 4500003000400000005001700004008004100021040001800062041000800080100003400088110001500122245002800137260002000165710003300185OSt20260306090148.0211028s2008 xx 000 0 und d cAIMIT LIBRARY aeng aNamratha; K Smitha.g50971273 aK, Smitha. aKnowledge base system / aMangalorec2008 aUnisys Global Services India